000 00501cam a2200193 4500
001 B785
008 090401t1987 xxu||||| |||| 00| 0 eng d
035 _a(Sirsi) u37872
041 _aeng
050 _a306.0212
110 _aNationwide Building Society
_91019
245 _aLocal area housing statistics ...1987.No.3: Lancashire
260 _aLondon
_bNationwide Building Society
_c1987
300 _a12p. ; 30cm.
350 _a0
650 _aHOUSE PRICES
942 _n0
948 _c04/03/1997
999 _c90565
_d90565